000 00472pab a2200193 454500
008 180718b1998 xxu||||| |||| 00| 0 eng d
100 _aPandey, D.K.
245 _aRole of forest on environment
260 _c1998
300 _ap.28-29,42
362 _aApr
650 _aEnvironment - India
650 _aForest management - India
650 _aForest management
650 _aEnvironment
700 _aTripathi, Ram Ashery
773 _aYojana
909 _a37080
999 _c37080
_d37080